| 000 | 00372pab a2200145 454500 | ||
|---|---|---|---|
| 008 | 180718b2017 xxu||||| |||| 00| 0 eng d | ||
| 100 | _aRai, Saurav Kumar | ||
| 245 | _aApproaching history through 'colonial' archives | ||
| 260 | _c2017 | ||
| 300 | _ap.257-264. | ||
| 362 | _aJul-Sep | ||
| 650 | _aHistory | ||
| 773 | _aSocial Science in Perspective | ||
| 909 | _a116275 | ||
| 999 |
_c116269 _d116269 |
||